| 000 | 00702nam a2200193Ia 4500 | ||
|---|---|---|---|
| 008 | 151121s9999||||xx |||||||||||||| ||und|| | ||
| 082 | _a398।4/रणसिं | ||
| 082 | _bHNW-65527 | ||
| 100 | _aरणसिंग ना।बा। रणसिंग मोहन | ||
| 245 | _aठाकरवाडी | ||
| 260 | _b"ग्रंथाली प्रकाशन, मुंबई" | ||
| 260 | _c-- | ||
| 300 | _a175 | ||
| 600 | _aरणसिंग ना।बा। रणसिंग मोहन | ||
| 630 | _aठाकरवाडी | ||
| 700 | _aरणसिंग ना।बा। रणसिंग मोहन | ||
| 730 | _aठाकरवाडी | ||
| 942 | _cBOOK | ||
| 999 |
_c1247035 _d1247032 |
||